<?xml version="1.0" encoding="UTF-8"?>
<record
    xmlns:xsi="http://www.w3.org/2001/XMLSchema-instance"
    xsi:schemaLocation="http://www.loc.gov/MARC21/slim http://www.loc.gov/standards/marcxml/schema/MARC21slim.xsd"
    xmlns="http://www.loc.gov/MARC21/slim">

  <leader>01599nam a22003257a 4500</leader>
  <controlfield tag="001">BRCA_9242</controlfield>
  <controlfield tag="003">FranzMayer</controlfield>
  <controlfield tag="005">20230918131125.0</controlfield>
  <controlfield tag="008">221005b        |||||||| |||| 00| 0 eng d</controlfield>
  <datafield tag="040" ind1=" " ind2=" ">
    <subfield code="b">spa</subfield>
    <subfield code="c">MFM</subfield>
  </datafield>
  <datafield tag="041" ind1="1" ind2=" ">
    <subfield code="a">eng</subfield>
    <subfield code="a">fre</subfield>
    <subfield code="a">spa</subfield>
  </datafield>
  <datafield tag="050" ind1=" " ind2=" ">
    <subfield code="a">NX710.</subfield>
    <subfield code="b">A78 2005</subfield>
  </datafield>
  <datafield tag="245" ind1=" " ind2=" ">
    <subfield code="a">Art donations : selected works donated by members of the World Federation of Friends of Museums = Donations d'art : s&#xE9;lection d'oeuvres donn&#xE9;es par les membres de la F&#xE9;d&#xE9;ration Mondiale des Amis des Mus&#xE9;es = Donaciones de arte : selecci&#xF3;n de obras donadas por los miembros de la Federaci&#xF3;n Mundial de Amigos de los Museos</subfield>
  </datafield>
  <datafield tag="260" ind1=" " ind2=" ">
    <subfield code="a">Italia : </subfield>
    <subfield code="b">Edizioni d'Arte Severgnini,</subfield>
    <subfield code="c">2005</subfield>
  </datafield>
  <datafield tag="260" ind1=" " ind2=" ">
    <subfield code="b">Federaci&#xF3;n Mundial de Amigos de los Museos,</subfield>
    <subfield code="c">2005</subfield>
  </datafield>
  <datafield tag="300" ind1=" " ind2=" ">
    <subfield code="a">222 pp. : </subfield>
    <subfield code="b">fot. ; </subfield>
    <subfield code="c">29.5 x 30 cm.</subfield>
  </datafield>
  <datafield tag="500" ind1=" " ind2=" ">
    <subfield code="a">un ejemplar en Anexo 1</subfield>
  </datafield>
  <datafield tag="500" ind1=" " ind2=" ">
    <subfield code="a">Incluye imagen de la Colecci&#xF3;n Museo Franz Mayer (p. 131)</subfield>
  </datafield>
  <datafield tag="505" ind1=" " ind2=" ">
    <subfield code="t">FMAM: recorriendo los pr&#xF3;ximos treinta a&#xF1;os / </subfield>
    <subfield code="r">Carla Bossi Comelli</subfield>
  </datafield>
  <datafield tag="505" ind1=" " ind2=" ">
    <subfield code="t">Amigos de los museos, museos de amigos / </subfield>
    <subfield code="r">Luis Monreal</subfield>
  </datafield>
  <datafield tag="505" ind1=" " ind2=" ">
    <subfield code="t">Pasado, presente y futuro de los museos / </subfield>
    <subfield code="r">J&#xE9;r&#xF4;me Bind&#xE9;</subfield>
  </datafield>
  <datafield tag="505" ind1=" " ind2=" ">
    <subfield code="t">Mecenazgo a los museos: una introducci&#xF3;n / </subfield>
    <subfield code="r">Bernard Aikema</subfield>
  </datafield>
  <datafield tag="505" ind1=" " ind2=" ">
    <subfield code="t">Selecci&#xF3;n de las obras</subfield>
  </datafield>
  <datafield tag="505" ind1=" " ind2=" ">
    <subfield code="t">Ap&#xE9;ndice</subfield>
  </datafield>
  <datafield tag="505" ind1=" " ind2=" ">
    <subfield code="t">Grupo Collado y cultura / </subfield>
    <subfield code="r">Guillermo Vogel Hinojosa y Jos&#xE9; Antonio Rodr&#xED;guez Cacho</subfield>
  </datafield>
  <datafield tag="610" ind1=" " ind2=" ">
    <subfield code="a">World Federation of Friends of Museums</subfield>
    <subfield code="v">Cat&#xE1;logo</subfield>
    <subfield code="x">Arte</subfield>
    <subfield code="x">Historia</subfield>
    <subfield code="9">28597</subfield>
  </datafield>
  <datafield tag="650" ind1=" " ind2=" ">
    <subfield code="a">Mezenazgo art&#xED;stico</subfield>
    <subfield code="x">Museos</subfield>
    <subfield code="9">28598</subfield>
  </datafield>
  <datafield tag="650" ind1=" " ind2=" ">
    <subfield code="a">Museos</subfield>
    <subfield code="x">Adquisiciones</subfield>
    <subfield code="9">28599</subfield>
  </datafield>
  <datafield tag="942" ind1=" " ind2=" ">
    <subfield code="2">lcc</subfield>
    <subfield code="c">B</subfield>
  </datafield>
  <datafield tag="999" ind1=" " ind2=" ">
    <subfield code="c">10861</subfield>
    <subfield code="d">10861</subfield>
  </datafield>
  <datafield tag="952" ind1=" " ind2=" ">
    <subfield code="0">0</subfield>
    <subfield code="1">0</subfield>
    <subfield code="2">lcc</subfield>
    <subfield code="4">0</subfield>
    <subfield code="7">0</subfield>
    <subfield code="a">BRCA</subfield>
    <subfield code="b">BRCA</subfield>
    <subfield code="d">2022-10-06</subfield>
    <subfield code="l">0</subfield>
    <subfield code="o">NX710. A78 2005</subfield>
    <subfield code="p">CONT10035</subfield>
    <subfield code="r">2022-10-06 00:00:00</subfield>
    <subfield code="w">2022-10-06</subfield>
    <subfield code="y">B</subfield>
  </datafield>
  <datafield tag="952" ind1=" " ind2=" ">
    <subfield code="0">0</subfield>
    <subfield code="1">0</subfield>
    <subfield code="2">lcc</subfield>
    <subfield code="4">0</subfield>
    <subfield code="7">0</subfield>
    <subfield code="8">FCON</subfield>
    <subfield code="a">BRCA</subfield>
    <subfield code="b">BRCA</subfield>
    <subfield code="d">2023-09-08</subfield>
    <subfield code="l">0</subfield>
    <subfield code="o">NX710. A78 2005</subfield>
    <subfield code="p">CONT10211</subfield>
    <subfield code="r">2023-09-08 00:00:00</subfield>
    <subfield code="w">2023-09-08</subfield>
    <subfield code="y">B</subfield>
  </datafield>
</record>
